[Event "DVM U20w 2018"]
[Site "Osnabrück GER"]
[Date "2018.12.29"]
[Round "6"]
[White "Oberhofer, Marie"]
[Black "Zoll, Cindy"]
[Result "1-0"]
[Termination "normal"]
[Board "3.3"]
[WhiteElo "1731"]
[BlackElo "1342"]
[WhiteClock "00:56:10"]
[BlackClock "00:25:53"]
[WhiteTeam "SC Bavaria Regensburg"]
[BlackTeam "SG Güstrow/Teterow"]
[PlyCount "87"]
[WhiteFideId "12938165"]
[BlackFideId "12964638"]
[EventCountry "GER"]
[EventRounds "7"]
[EventType "team-swiss"]
[EventDate "2018.12.26"]

1. e4 {[%clk 1:30:58]} e6 {[%clk 1:30:53]} 2. d4 {[%clk 1:31:24]} d5 {[%clk
1:31:14]} 3. e5 {[%clk 1:31:51]} c5 {[%clk 1:31:32]} 4. c3 {[%clk 1:32:18]} Nc6
{[%clk 1:31:41]} 5. Nf3 {[%clk 1:32:44]} Qb6 {[%clk 1:31:33]} 6. a3 {[%clk
1:33:08]} cxd4 {[%clk 1:30:50]} 7. cxd4 {[%clk 1:33:31]} Nge7 {[%clk 1:30:25]}
8. b4 {[%clk 1:33:11]} Nf5 {[%clk 1:29:26]} 9. Be3 {[%clk 1:33:28]} Be7 {[%clk
1:27:49]} 10. Bd3 {[%clk 1:32:40]} O-O {[%clk 1:26:41]} 11. O-O {[%clk
1:31:51]} Bd7 {[%clk 1:25:03]} 12. Nc3 {[%clk 1:23:02]} Rac8 {[%clk 1:24:16]}
13. Bxf5 {[%clk 1:21:06]} exf5 {[%clk 1:24:27]} 14. Nxd5 {[%clk 1:21:24]} Qd8
{[%clk 1:23:17]} 15. Nxe7+ {[%clk 1:21:00]} Qxe7 {[%clk 1:23:26]} 16. Re1
{[%clk 1:15:29]} h6 {[%clk 1:09:03]} 17. d5 {[%clk 1:11:11]} Nxe5 {[%clk
1:00:51]} 18. Nxe5 {[%clk 1:11:30]} Qxe5 {[%clk 1:00:57]} 19. Bc5 {[%clk
1:11:47]} Qf6 {[%clk 1:00:57]} 20. Bxf8 {[%clk 1:12:04]} Kxf8 {[%clk 1:00:49]}
21. Rc1 {[%clk 1:11:11]} Qd6 {[%clk 0:55:41]} 22. Rxc8+ {[%clk 1:10:36]} Bxc8
{[%clk 0:56:01]} 23. Qa4 {[%clk 1:09:22]} Qd7 {[%clk 0:47:05]} 24. Qxd7 {[%clk
1:07:56]} Bxd7 {[%clk 0:47:27]} 25. d6 {[%clk 1:05:18]} Be6 {[%clk 0:45:58]}
26. f4 {[%clk 1:00:51]} Ke8 {[%clk 0:44:20]} 27. Kf2 {[%clk 1:00:53]} Kd7
{[%clk 0:43:52]} 28. Rd1 {[%clk 1:01:15]} f6 {[%clk 0:41:41]} 29. Ke3 {[%clk
0:56:25]} Kc6 {[%clk 0:39:01]} 30. b5+ {[%clk 0:50:08]} Kd7 {[%clk 0:38:05]}
31. Rd4 {[%clk 0:47:29]} Bb3 {[%clk 0:29:50]} 32. Kd3 {[%clk 0:43:41]} g6
{[%clk 0:16:34]} 33. Kc3 {[%clk 0:29:56]} Be6 {[%clk 0:16:42]} 34. Ra4 {[%clk
0:24:52]} Bd5 {[%clk 0:12:47]} 35. g3 {[%clk 0:24:54]} Kxd6 {[%clk 0:12:34]}
36. Rxa7 {[%clk 0:25:17]} Kc5 {[%clk 0:12:31]} 37. a4 {[%clk 0:25:26]} h5
{[%clk 0:01:51]} 38. Ra8 {[%clk 0:24:56]} Be6 {[%clk 0:01:36]} 39. Rf8 {[%clk
0:24:40]} Bd7 {[%clk 0:01:05]} 40. Rxf6 {[%clk 0:24:23]} Be8 {[%clk 0:00:58]}
41. Rf8 {[%clk 0:24:37]} Bd7 {[%clk 0:00:36]} 42. Rg8 {[%clk 0:24:55]} Be6
{[%clk 0:29:22]} 43. Rxg6 {[%clk 0:56:16]} Bd7 {[%clk 0:25:53]} 44. Rg5 {[%clk
0:56:10]} 1-0

[Event "DVM U20w 2018"]
[Site "Osnabrück GER"]
[Date "2018.12.29"]
[Round "6"]
[White "Gesell, Myriam"]
[Black "Wetzler, Sophia"]
[Result "0-1"]
[Termination "normal"]
[Board "3.4"]
[WhiteElo "769"]
[BlackElo "1719"]
[WhiteClock "00:09:15"]
[BlackClock "00:39:27"]
[WhiteTeam "SG Güstrow/Teterow"]
[BlackTeam "SC Bavaria Regensburg"]
[PlyCount "116"]
[WhiteFideId "16200330"]
[BlackFideId "12951960"]
[EventCountry "GER"]
[EventRounds "7"]
[EventType "team-swiss"]
[EventDate "2018.12.26"]

1. e4 {[%clk 1:30:53]} e5 {[%clk 1:30:52]} 2. Nf3 {[%clk 1:31:08]} Nc6 {[%clk
1:31:16]} 3. Bc4 {[%clk 1:30:57]} d6 {[%clk 1:31:11]} 4. d3 {[%clk 1:30:28]}
Bg4 {[%clk 1:30:40]} 5. Nc3 {[%clk 1:29:43]} Nf6 {[%clk 1:29:43]} 6. h3 {[%clk
1:29:18]} Bh5 {[%clk 1:29:32]} 7. Be3 {[%clk 1:25:33]} Be7 {[%clk 1:29:38]} 8.
Qe2 {[%clk 1:22:10]} h6 {[%clk 1:26:43]} 9. O-O-O {[%clk 1:18:11]} a6 {[%clk
1:25:13]} 10. Rhg1 {[%clk 1:14:27]} g5 {[%clk 1:23:00]} 11. g4 {[%clk 1:09:36]}
Bg6 {[%clk 1:23:28]} 12. d4 {[%clk 1:02:03]} Nxe4 {[%clk 1:20:59]} 13. Nxe4
{[%clk 0:58:48]} Bxe4 {[%clk 1:21:22]} 14. dxe5 {[%clk 0:56:00]} Bxf3 {[%clk
1:20:43]} 15. Qxf3 {[%clk 0:54:58]} Nxe5 {[%clk 1:19:21]} 16. Qe2 {[%clk
0:45:07]} b5 {[%clk 1:06:45]} 17. Bd5 {[%clk 0:38:00]} c6 {[%clk 1:05:05]} 18.
Bg2 {[%clk 0:33:20]} Qa5 {[%clk 0:59:41]} 19. Kb1 {[%clk 0:23:40]} Rc8 {[%clk
0:56:41]} 20. Bd4 {[%clk 0:18:20]} f6 {[%clk 0:55:53]} 21. Rge1 {[%clk
0:15:31]} Kf7 {[%clk 0:50:51]} 22. Bxe5 {[%clk 0:12:23]} dxe5 {[%clk 0:50:19]}
23. Be4 {[%clk 0:08:26]} Qc7 {[%clk 0:49:01]} 24. Qf3 {[%clk 0:07:19]} c5
{[%clk 0:38:14]} 25. Bf5 {[%clk 0:06:44]} Rcd8 {[%clk 0:38:05]} 26. Rxd8 {[%clk
0:05:57]} Rxd8 {[%clk 0:36:50]} 27. Kc1 {[%clk 0:04:55]} Qa5 {[%clk 0:27:58]}
28. Rd1 {[%clk 0:02:41]} Qxa2 {[%clk 0:26:50]} 29. Rxd8 {[%clk 0:03:01]} Qa1+
{[%clk 0:27:07]} 30. Kd2 {[%clk 0:03:18]} Qa5+ {[%clk 0:27:20]} 31. c3 {[%clk
0:04:00]} Qxd8+ {[%clk 0:29:43]} 32. Kc2 {[%clk 0:03:44]} Qd6 {[%clk 0:26:24]}
33. Qd3 {[%clk 0:01:56]} Qxd3+ {[%clk 0:19:47]} 34. Kxd3 {[%clk 0:02:13]} c4+
{[%clk 0:18:38]} 35. Kc2 {[%clk 0:01:49]} Bc5 {[%clk 0:18:51]} 36. b4 {[%clk
0:00:51]} cxb3+ {[%clk 0:19:02]} 37. Kxb3 {[%clk 0:01:12]} Bxf2 {[%clk
0:19:06]} 38. Kb4 {[%clk 0:01:16]} Be1 {[%clk 0:18:55]} 39. Bc8 {[%clk
0:01:27]} a5+ {[%clk 0:17:53]} 40. Kxb5 {[%clk 0:01:36]} Bxc3 {[%clk 0:18:16]}
41. Bb7 {[%clk 0:01:08]} Ke6 {[%clk 0:14:24]} 42. Be4 {[%clk 0:29:09]} Kd6
{[%clk 0:43:48]} 43. Bf3 {[%clk 0:28:34]} a4 {[%clk 0:43:42]} 44. Kxa4 {[%clk
0:27:10]} Kc5 {[%clk 0:44:05]} 45. Kb3 {[%clk 0:26:53]} Kd4 {[%clk 0:44:09]}
46. Bc6 {[%clk 0:25:20]} Be1 {[%clk 0:43:53]} 47. Bd7 {[%clk 0:24:29]} e4
{[%clk 0:44:14]} 48. Bb5 {[%clk 0:24:38]} e3 {[%clk 0:43:58]} 49. Kc2 {[%clk
0:24:03]} Ke4 {[%clk 0:43:38]} 50. Be2 {[%clk 0:21:21]} Kf4 {[%clk 0:42:51]}
51. Kd3 {[%clk 0:20:36]} Bd2 {[%clk 0:42:36]} 52. Bd1 {[%clk 0:18:00]} Kg3
{[%clk 0:42:50]} 53. Ke4 {[%clk 0:17:32]} Kxh3 {[%clk 0:38:02]} 54. Kf5 {[%clk
0:12:55]} Kg3 {[%clk 0:38:15]} 55. Kxf6 {[%clk 0:10:19]} Kf2 {[%clk 0:38:31]}
56. Kg6 {[%clk 0:09:23]} e2 {[%clk 0:38:52]} 57. Bxe2 {[%clk 0:09:00]} Kxe2
{[%clk 0:39:10]} 58. Kxh6 {[%clk 0:09:15]} Kf3 {[%clk 0:39:27]} 0-1

[Event "DVM U20w 2018"]
[Site "Osnabrück GER"]
[Date "2018.12.29"]
[Round "6"]
[White "Kohl, Natalie"]
[Black "Wiesner, Paula"]
[Result "0-1"]
[Termination "normal"]
[Board "4.1"]
[WhiteElo "1474"]
[BlackElo "1966"]
[WhiteTeam "Meuselwitzer SV"]
[BlackTeam "SC Borussia Lichtenberg"]
[PlyCount "56"]
[WhiteFideId "12967408"]
[BlackFideId "24654019"]
[EventCountry "GER"]
[EventRounds "7"]
[EventType "team-swiss"]
[EventDate "2018.12.26"]

1. e4 e6 2. d4 d5 3. exd5 exd5 4. Nf3 Bg4 5. c4 Nf6 6. cxd5 Nxd5 7. a3 Be7 8.
Be2 O-O 9. O-O Nc6 10. Nc3 Bf6 11. Be3 Re8 12. Qd2 Qd7 13. h3 Bh5 14. Nxd5 Qxd5
15. Rac1 Nxd4 16. Kh1 c6 17. g4 Nxe2 18. Qxd5 cxd5 19. Rce1 Bg6 20. Rxe2 Bd3
21. Nd4 Bxd4 22. Bxd4 Bxe2 23. Rc1 Rac8 24. Rg1 b6 25. Kg2 h6 26. f3 Rc4 27.
Bc3 d4 28. Re1 dxc3 0-1

[Event "DVM U20w 2018"]
[Site "Osnabrück GER"]
[Date "2018.12.29"]
[Round "6"]
[White "Hartmann, Cora"]
[Black "Meyer, Jessica"]
[Result "1-0"]
[Termination "normal"]
[Board "4.2"]
[WhiteElo "1830"]
[BlackElo "1383"]
[WhiteTeam "SC Borussia Lichtenberg"]
[BlackTeam "Meuselwitzer SV"]
[PlyCount "105"]
[WhiteFideId "16200764"]
[BlackFideId "16230019"]
[EventCountry "GER"]
[EventRounds "7"]
[EventType "team-swiss"]
[EventDate "2018.12.26"]

1. e4 c5 2. Nf3 d6 3. Bb5+ Bd7 4. Bxd7+ Qxd7 5. c4 Nc6 6. d4 cxd4 7. Nxd4 Nf6
8. Nc3 e6 9. O-O Be7 10. Nf3 a6 11. Qe2 O-O 12. Rd1 Qc7 13. Bf4 Rfd8 14. Rd2
Nh5 15. Be3 Rab8 16. Rad1 Nf6 17. Nd4 Ne5 18. b3 Nc6 19. f4 Ne8 20. f5 e5 21.
Nf3 Qa5 22. Nd5 b5 23. cxb5 Qxb5 24. Qxb5 Rxb5 25. Rc1 Nb4 26. Nxe7+ Kf8 27.
Nd5 Nxd5 28. Rxd5 Rb4 29. Rc4 Rxc4 30. bxc4 Nf6 31. Ra5 Nxe4 32. Rxa6 Rb8 33.
Rb6 Ra8 34. Ng5 Nxg5 35. Bxg5 f6 36. Be3 Ke7 37. Rb7+ Kf8 38. Rd7 Rxa2 39. Rxd6
Ra1+ 40. Kf2 Ra2+ 41. Rd2 Ra6 42. c5 Ke7 43. Rc2 Rc6 44. Rb2 Rc7 45. Kf3 h6 46.
Ke4 Kd8 47. Kd5 Rd7+ 48. Kc6 Rc7+ 49. Kb6 Kd7 50. Rd2+ Kc8 51. c6 Re7 52. Bc5
Re8 53. Ra2 1-0

[Event "DVM U20w 2018"]
[Site "Osnabrück GER"]
[Date "2018.12.29"]
[Round "6"]
[White "Biele, Johanna"]
[Black "Wagner, Swenja"]
[Result "1/2-1/2"]
[Termination "normal"]
[Board "4.3"]
[WhiteElo "1390"]
[BlackElo "1749"]
[WhiteTeam "Meuselwitzer SV"]
[BlackTeam "SC Borussia Lichtenberg"]
[PlyCount "90"]
[WhiteFideId "16242211"]
[BlackFideId "12900494"]
[EventCountry "GER"]
[EventRounds "7"]
[EventType "team-swiss"]
[EventDate "2018.12.26"]

1. d4 Nf6 2. Bf4 d5 3. e3 e6 4. Nf3 c5 5. c3 Nc6 6. Nbd2 Bd6 7. Bg5 Qc7 8. Bd3
b6 9. Qc2 e5 10. dxe5 Nxe5 11. Nxe5 Bxe5 12. Nf3 c4 13. Be2 Ne4 14. Nxe5 Nxg5
15. Qa4+ Kf8 16. Qc6 Qxc6 17. Nxc6 Ne6 18. O-O-O Bb7 19. Nd4 g6 20. Rd2 Rd8 21.
Rhd1 Ke7 22. Nxe6 fxe6 23. e4 b5 24. exd5 Rxd5 25. Rxd5 Bxd5 26. f3 Rf8 27. Rd4
a6 28. Kd2 Rf5 29. g4 Rf7 30. f4 Kd6 31. Ke3 e5 32. fxe5+ Kxe5 33. Rd1 Rf4 34.
Rf1 g5 35. a3 Re4+ 36. Kf2 Rf4+ 37. Ke3 Bf7 38. Bf3 h5 39. h3 hxg4 40. hxg4 Bd5
41. Be2 Be6 42. Rg1 a5 43. Bf3 Kd6 44. Rd1+ Kc5 45. Rd4 Rf8 1/2-1/2

[Event "DVM U20w 2018"]
[Site "Osnabrück GER"]
[Date "2018.12.29"]
[Round "6"]
[White "Fricke, Edna Marlene"]
[Black "Neumann, Tina"]
[Result "0-1"]
[Termination "normal"]
[Board "4.4"]
[WhiteElo "1390"]
[BlackElo "1501"]
[WhiteTeam "SC Borussia Lichtenberg"]
[BlackTeam "Meuselwitzer SV"]
[PlyCount "72"]
[WhiteFideId "12988839"]
[BlackFideId "16212371"]
[EventCountry "GER"]
[EventRounds "7"]
[EventType "team-swiss"]
[EventDate "2018.12.26"]

1. e4 d5 2. exd5 Qxd5 3. Nc3 Qa5 4. d4 Nf6 5. Bc4 Bf5 6. Bd2 c6 7. Nf3 e6 8.
O-O Qc7 9. Re1 Nbd7 10. a4 Bd6 11. Ne2 O-O 12. Ng3 Bg6 13. b4 Nb6 14. Bb3 Nbd5
15. c3 h6 16. Ne5 Bh7 17. Qf3 Nd7 18. Qh5 N5f6 19. Qe2 Nd5 20. Rac1 Nxe5 21.
dxe5 Be7 22. Qh5 Bg6 23. Qg4 Rfe8 24. Nh5 Bxh5 25. Qxh5 Bg5 26. Bxg5 hxg5 27.
Qxg5 Qe7 28. Qg3 g6 29. h4 Kg7 30. Re4 Rh8 31. Rg4 Rh6 32. Rd1 Rah8 33. Rdd4
Rh5 34. Bc2 R5h6 35. Rg5 Kf8 36. Qf3 Qxg5 0-1

[Event "DVM U20w 2018"]
[Site "Osnabrück GER"]
[Date "2018.12.29"]
[Round "6"]
[White "Schiewe, Nadin"]
[Black "Simon, Tessa"]
[Result "1/2-1/2"]
[Termination "normal"]
[Board "5.1"]
[WhiteElo "1527"]
[BlackElo "1929"]
[WhiteTeam "Leegebrucher SF"]
[BlackTeam "Muldental Wilkau-Haßlau"]
[PlyCount "56"]
[WhiteFideId "16209079"]
[BlackFideId "12929395"]
[EventCountry "GER"]
[EventRounds "7"]
[EventType "team-swiss"]
[EventDate "2018.12.26"]

1. d4 d5 2. Nf3 Nf6 3. e3 c5 4. c3 Qc7 5. Bd3 g6 6. Ne5 Nfd7 7. f4 Bg7 8. O-O
O-O 9. Nd2 Nxe5 10. fxe5 f6 11. exf6 Rxf6 12. Rxf6 Bxf6 13. Qf3 Be6 14. Nf1 Bf7
15. Bd2 Nd7 16. Be1 Re8 17. Bb5 Rc8 18. Bg3 Qd8 19. Re1 a6 20. Ba4 b5 21. Bb3
c4 22. Bc2 e5 23. Nd2 exd4 24. exd4 Qb6 25. Qf2 Re8 26. Nf3 Rxe1+ 27. Qxe1 a5
28. a3 Be6 1/2-1/2

[Event "DVM U20w 2018"]
[Site "Osnabrück GER"]
[Date "2018.12.29"]
[Round "6"]
[White "Mylke, Sandy-Michelle"]
[Black "Von Jan, Lena"]
[Result "1-0"]
[Termination "normal"]
[Board "5.3"]
[WhiteElo "1188"]
[BlackElo "1520"]
[WhiteTeam "Leegebrucher SF"]
[BlackTeam "Muldental Wilkau-Haßlau"]
[PlyCount "63"]
[WhiteFideId "16235045"]
[BlackFideId "12946060"]
[EventCountry "GER"]
[EventRounds "7"]
[EventType "team-swiss"]
[EventDate "2018.12.26"]

1. d4 d5 2. e3 Nf6 3. Bd3 c5 4. c3 Qc7 5. Nf3 g6 6. Nbd2 Bg7 7. Ne5 Nbd7 8. f4
O-O 9. O-O Nb6 10. b3 Nfd7 11. Ndf3 f6 12. Ng4 e5 13. fxe5 fxe5 14. Nfxe5 Rxf1+
15. Qxf1 Nxe5 16. Nxe5 Bxe5 17. dxe5 Qxe5 18. Bd2 Bd7 19. Qe2 Re8 20. Rc1 d4
21. e4 Bc6 22. Bc4+ Nxc4 23. Qxc4+ Kh8 24. Re1 b5 25. Qd3 Kg8 26. a4 bxa4 27.
Qc4+ Re6 28. bxa4 Bxe4 29. a5 dxc3 30. Bxc3 Qd5 31. Qb5 Re8 32. Qxe8# 1-0

[Event "DVM U20w 2018"]
[Site "Osnabrück GER"]
[Date "2018.12.29"]
[Round "6"]
[White "Wagner, Julia"]
[Black "Pietsch, Virginia-Atlanta"]
[Result "1-0"]
[Termination "normal"]
[Board "5.4"]
[WhiteElo "1276"]
[BlackElo "1240"]
[WhiteTeam "Muldental Wilkau-Haßlau"]
[BlackTeam "Leegebrucher SF"]
[PlyCount "73"]
[WhiteFideId "16259351"]
[BlackFideId "16235053"]
[EventCountry "GER"]
[EventRounds "7"]
[EventType "team-swiss"]
[EventDate "2018.12.26"]

1. e4 c5 2. d4 cxd4 3. c3 dxc3 4. Nxc3 e6 5. Nf3 Nc6 6. Bc4 Bb4 7. O-O Nge7 8.
Bf4 Bxc3 9. bxc3 O-O 10. Qc2 b6 11. Rfd1 Ng6 12. Bg3 Qf6 13. Nd4 Bb7 14. Bb5
Rad8 15. Qa4 Nge7 16. Bxc6 Nxc6 17. Nxc6 Bxc6 18. Qxa7 Bxe4 19. Rd4 Bd5 20.
Qxb6 Qe7 21. Bd6 Qg5 22. Rxd5 exd5 23. Bxf8 Rxf8 24. Qe3 Qxe3 25. fxe3 Re8 26.
Kf2 f6 27. Ke2 Kf7 28. a4 Ke6 29. a5 Kd6 30. Kd3 Kc5 31. a6 Ra8 32. a7 Kb6 33.
Kd4 Rxa7 34. Rxa7 Kxa7 35. Kxd5 Kb7 36. Kd6 Kc8 37. Ke7 1-0

[Event "DVM U20w 2018"]
[Site "Osnabrück GER"]
[Date "2018.12.29"]
[Round "6"]
[White "Rudolph, Eva"]
[Black "La, Quynh Trang"]
[Result "1-0"]
[Termination "normal"]
[Board "6.1"]
[WhiteElo "1796"]
[BlackElo "1583"]
[WhiteTeam "Düsseldorfer SK"]
[BlackTeam "SG Trier"]
[PlyCount "53"]
[WhiteFideId "16200594"]
[BlackFideId "16275276"]
[EventCountry "GER"]
[EventRounds "7"]
[EventType "team-swiss"]
[EventDate "2018.12.26"]

1. e4 e6 2. d4 d5 3. Nd2 Nf6 4. e5 Nfd7 5. Bd3 c5 6. c3 Nc6 7. Ne2 f6 8. Nf4
Qe7 9. exf6 Nxf6 10. Nf3 cxd4 11. cxd4 Bd7 12. O-O O-O-O 13. a3 e5 14. dxe5
Nxe5 15. Nxe5 Qxe5 16. Re1 Qc7 17. Be3 Re8 18. Rc1 Bc6 19. Bf5+ Kb8 20. Ne6 Qd7
21. Nd4 Qc7 22. Ne6 Qd7 23. Qd4 Rxe6 24. Bxe6 Qe8 25. Qxa7+ Kc7 26. Qb6+ Kd6
27. Bc5# 1-0

[Event "DVM U20w 2018"]
[Site "Osnabrück GER"]
[Date "2018.12.29"]
[Round "6"]
[White "Arndt, Lena"]
[Black "Sokolowski, Judith"]
[Result "0-1"]
[Termination "normal"]
[Board "6.2"]
[WhiteElo "1767"]
[BlackElo "1589"]
[WhiteTeam "SG Trier"]
[BlackTeam "Düsseldorfer SK"]
[PlyCount "34"]
[WhiteFideId "16262476"]
[BlackFideId "16200624"]
[EventCountry "GER"]
[EventRounds "7"]
[EventType "team-swiss"]
[EventDate "2018.12.26"]

1. e4 c5 2. Nf3 e6 3. d4 cxd4 4. Nxd4 Nf6 5. f3 Nc6 6. Be3 d5 7. exd5 Nxd5 8.
Bf2 Be7 9. Nxc6 bxc6 10. c4 Qa5+ 11. Nd2 Nf4 12. Bd4 O-O 13. a3 Rd8 14. Bc3 Qb6
15. g3 Qe3+ 16. Be2 Nd3+ 17. Kf1 Qf2# 0-1

[Event "DVM U20w 2018"]
[Site "Osnabrück GER"]
[Date "2018.12.29"]
[Round "6"]
[White "Garbuz, Nicole"]
[Black "Nwatu, Emily"]
[Result "1-0"]
[Termination "normal"]
[Board "6.3"]
[WhiteElo "1666"]
[BlackElo "1036"]
[WhiteTeam "Düsseldorfer SK"]
[BlackTeam "SG Trier"]
[PlyCount "61"]
[WhiteFideId "12990701"]
[BlackFideId "16255321"]
[EventCountry "GER"]
[EventRounds "7"]
[EventType "team-swiss"]
[EventDate "2018.12.26"]

1. e4 e6 2. d4 d5 3. Nd2 dxe4 4. Nxe4 Nd7 5. Nf3 Ngf6 6. Bg5 Be7 7. Nxf6+ Nxf6
8. Bc4 O-O 9. O-O b6 10. Re1 Bb7 11. Ne5 h6 12. Bh4 Rc8 13. c3 c5 14. dxc5 Rxc5
15. Qe2 Qc7 16. Bg3 Nd7 17. Ng6 Bd6 18. Bxd6 Qxd6 19. Rad1 Qc6 20. Ne7+ Kh8 21.
Nxc6 Bxc6 22. Bd3 Nf6 23. f3 Nh5 24. Be4 Bb5 25. Qd2 Nf6 26. Qd6 Rcc8 27. Bb7
Rb8 28. Qb4 Be8 29. Qxf8+ Ng8 30. Bc6 Kh7 31. Bxe8 1-0

[Event "DVM U20w 2018"]
[Site "Osnabrück GER"]
[Date "2018.12.29"]
[Round "6"]
[White "Schwalbach, Kathrin"]
[Black "Paulweber, Lara Maria"]
[Result "1/2-1/2"]
[Termination "normal"]
[Board "6.4"]
[WhiteElo "1083"]
[BlackElo "1483"]
[WhiteTeam "SG Trier"]
[BlackTeam "Düsseldorfer SK"]
[PlyCount "87"]
[WhiteFideId "16275284"]
[BlackFideId "12954411"]
[EventCountry "GER"]
[EventRounds "7"]
[EventType "team-swiss"]
[EventDate "2018.12.26"]

1. e4 e6 2. d4 d5 3. Nc3 Nc6 4. Bb5 a6 5. Bxc6+ bxc6 6. Be3 Bb4 7. Nge2 dxe4 8.
a3 Bxc3+ 9. Nxc3 Nf6 10. Bg5 O-O 11. Nxe4 Qd5 12. Nxf6+ gxf6 13. Bxf6 Qxg2 14.
Rf1 Qg6 15. Qf3 Re8 16. O-O-O Kf8 17. Qxc6 Qxf6 18. Qxa8 Qf4+ 19. Kb1 Qxh2 20.
Qh1 Qxh1 21. Rxh1 Kg7 22. Rdg1+ Kh8 23. Rg3 e5 24. dxe5 Rxe5 25. Re3 Rxe3 26.
fxe3 Bg4 27. e4 h5 28. Rf1 Kg7 29. Kc1 Kg6 30. Kd2 f5 31. exf5+ Bxf5 32. Ke1
Bxc2 33. Kf2 Be4 34. Kg3 Kg5 35. Kh2 h4 36. Rc1 c6 37. Rc5+ Kf4 38. b4 Bd5 39.
Kh3 Ke4 40. a4 Kd4 41. a5 Ke4 42. Kxh4 Kd4 43. Kg5 Ke5 44. Kg6 1/2-1/2

[Event "DVM U16 2018"]
[Site "Aurich GER"]
[Date "2018.12.27"]
[Round "1"]
[White "Kuznecovs, Nikita"]
[Black "Engel, Luis"]
[Result "0-1"]
[Termination "normal"]
[Board "1.1"]
[BlackTitle "IM"]
[WhiteElo "2256"]
[BlackElo "2466"]
[WhiteClock "00:00:52"]
[BlackClock "00:03:27"]
[WhiteTeam "SG Blau-Weiß Stadtilm"]
[BlackTeam "Hamburger SK"]
[PlyCount "78"]
[WhiteFideId "11604557"]
[BlackFideId "12961523"]
[EventCountry "GER"]
[EventRounds "7"]
[EventType "team-swiss"]
[EventDate "2018.12.26"]

1. d4 {[%clk 01:30:57]} {[%emt 00:00:03]} Nf6 {[%clk 01:30:55]} {[%emt
00:00:06]} 2. Bf4 {[%clk 01:31:22]} {[%emt 00:00:05]} d5 {[%clk 01:31:18]}
{[%emt 00:00:06]} 3. e3 {[%clk 01:31:48]} {[%emt 00:00:04]} c5 {[%clk
01:31:43]} {[%emt 00:00:05]} 4. c3 {[%clk 01:32:14]} {[%emt 00:00:04]} Nc6
{[%clk 01:32:08]} {[%emt 00:00:05]} 5. Nd2 {[%clk 01:32:39]} {[%emt 00:00:05]}
e6 {[%clk 01:32:29]} {[%emt 00:00:09]} 6. Ngf3 {[%clk 01:33:03]} {[%emt
00:00:06]} cxd4 {[%clk 01:32:13]} {[%emt 00:00:46]} 7. exd4 {[%clk 01:33:27]}
{[%emt 00:00:07]} Nh5 {[%clk 01:32:38]} {[%emt 00:00:05]} 8. Be3 {[%clk
01:33:52]} {[%emt 00:00:05]} Bd6 {[%clk 01:33:02]} {[%emt 00:00:06]} 9. Ne5
{[%clk 01:34:17]} {[%emt 00:00:05]} g6 {[%clk 01:33:26]} {[%emt 00:00:06]} 10.
g4 {[%clk 01:34:43]} {[%emt 00:00:04]} Ng7 {[%clk 01:33:50]} {[%emt 00:00:05]}
11. h4 {[%clk 01:35:07]} {[%emt 00:00:06]} h5 {[%clk 01:34:05]} {[%emt
00:00:15]} 12. Ndf3 {[%clk 01:35:31]} {[%emt 00:00:06]} hxg4 {[%clk 01:33:29]}
{[%emt 00:01:07]} 13. Nxg4 {[%clk 01:35:55]} {[%emt 00:00:06]} f6 {[%clk
01:32:52]} {[%emt 00:01:07]} 14. Bd3 {[%clk 01:31:01]} {[%emt 00:05:24]} Nf5
{[%clk 01:32:57]} {[%emt 00:00:25]} 15. Qd2 {[%clk 01:31:06]} {[%emt 00:00:24]}
Qe7 {[%clk 01:25:09]} {[%emt 00:08:19]} 16. O-O-O {[%clk 01:30:21]} {[%emt
00:01:14]} Bd7 {[%clk 01:23:34]} {[%emt 00:02:06]} 17. Bf4 {[%clk 01:30:44]}
{[%emt 00:00:07]} Bxf4 {[%clk 01:18:21]} {[%emt 00:05:43]} 18. Qxf4 {[%clk
01:31:04]} {[%emt 00:00:10]} O-O-O {[%clk 01:18:15]} {[%emt 00:00:36]} 19. Bxf5
{[%clk 01:06:11]} {[%emt 00:25:23]} gxf5 {[%clk 01:17:17]} {[%emt 00:01:28]}
20. Ne3 {[%clk 01:06:34]} {[%emt 00:00:06]} e5 {[%clk 00:59:15]} {[%emt
00:18:32]} 21. Qh2 {[%clk 00:52:02]} {[%emt 00:15:02]} f4 {[%clk 00:57:21]}
{[%emt 00:02:25]} 22. Nxd5 {[%clk 00:48:23]} {[%emt 00:04:09]} Qf8 {[%clk
00:56:49]} {[%emt 00:01:01]} 23. dxe5 {[%clk 00:32:07]} {[%emt 00:16:47]} fxe5
{[%clk 00:56:30]} {[%emt 00:00:50]} 24. Ng5 {[%clk 00:32:20]} {[%emt 00:00:16]}
Bf5 {[%clk 00:52:52]} {[%emt 00:04:08]} 25. f3 {[%clk 00:32:25]} {[%emt
00:00:25]} Qc5 {[%clk 00:50:01]} {[%emt 00:03:21]} 26. Ne4 {[%clk 00:32:19]}
{[%emt 00:00:35]} Qa5 {[%clk 00:30:55]} {[%emt 00:19:37]} 27. b4 {[%clk
00:30:46]} {[%emt 00:02:04]} Qb5 {[%clk 00:31:10]} {[%emt 00:00:14]} 28. Qc2
{[%clk 00:13:15]} {[%emt 00:20:09]} Kb8 {[%clk 00:29:30]} {[%emt 00:02:11]} 29.
Qd3 {[%clk 00:03:41]} {[%emt 00:10:04]} Qa4 {[%clk 00:25:33]} {[%emt 00:04:26]}
30. Qc4 {[%clk 00:01:17]} {[%emt 00:02:55]} Be6 {[%clk 00:18:08]} {[%emt
00:07:56]} 31. Ng5 {[%clk 00:00:45]} {[%emt 00:01:01]} Qa3+ {[%clk 00:17:18]}
{[%emt 00:01:20]} 32. Kc2 {[%clk 00:00:52]} {[%emt 00:00:22]} Rc8 {[%clk
00:03:49]} {[%emt 00:14:00]} 33. Nxe6 {[%clk 00:01:16]} {[%emt 00:00:06]} Nd4+
{[%clk 00:04:13]} {[%emt 00:00:06]} 34. Rxd4 {[%clk 00:01:41]} {[%emt
00:00:05]} Rxc4 {[%clk 00:04:38]} {[%emt 00:00:06]} 35. Rxc4 {[%clk 00:02:07]}
{[%emt 00:00:05]} Qa6 {[%clk 00:03:00]} {[%emt 00:02:07]} 36. Nc5 {[%clk
00:01:22]} {[%emt 00:01:14]} Qxa2+ {[%clk 00:03:25]} {[%emt 00:00:06]} 37. Kd3
{[%clk 00:01:51]} {[%emt 00:00:01]} Rd8 {[%clk 00:03:43]} {[%emt 00:00:11]} 38.
Rd4 exd4 {[%clk 00:03:37]} 39. c4 {[%clk 00:00:52]} {[%emt 00:00:22]} b5 {[%clk
00:03:27]} {[%emt 00:00:39]} 0-1